| Tag |
First Indicator |
Second Indicator |
Subfields |
| LEADER |
00000cam a2200000 4500 |
| 001 |
in00000083812 |
| 005 |
20151008054316.0 |
| 008 |
750319s1937 eng u |
| 010 |
|
|
|a 38010001
|
| 035 |
|
|
|a (OCoLC)01224971
|
| 035 |
|
|
|9 AAJ0277AM
|
| 040 |
|
|
|c CSU
|d TXA
|d UtOrBLW
|
| 049 |
|
|
|a TXAM
|c 1 [149422]
|
| 050 |
|
0 |
|a BV4501
|b .H2785 1937
|
| 082 |
0 |
|
|a 248
|
| 092 |
|
|
|a 248
|b H282r
|
| 100 |
1 |
|
|a Harkness, Georgia Elma,
|d 1891-1974.
|
| 245 |
1 |
0 |
|a Religious living.
|
| 264 |
|
1 |
|a New York :
|b Association Press,
|c [1937]
|
| 264 |
|
4 |
|c [©1937]
|
| 300 |
|
|
|a iii pages, 1 leaf, 69 pages ;
|c 20 cm.
|
| 336 |
|
|
|a text
|b txt
|2 rdacontent
|
| 337 |
|
|
|a unmediated
|b n
|2 rdamedia
|
| 338 |
|
|
|a volume
|b nc
|2 rdacarrier
|
| 490 |
1 |
|
|a Hazen books on religion
|
| 504 |
|
|
|a Bibliography: pages 63-65.
|
| 650 |
|
0 |
|a Christian life.
|
| 830 |
|
0 |
|a Hazen books on religion.
|
| 999 |
|
|
|a MARS
|
| 999 |
f |
f |
|s 7d297824-5f7b-3f0d-879a-b9683beafa50
|i 5f5157f6-8e37-3dd2-8c82-43edb4178bc1
|t 0
|
| 952 |
f |
f |
|p ric
|a Texas A&M University
|b Rellis Campus
|c Joint Library Facility
|d Remote Storage
|t 0
|e BV4501 .H2785 1937
|h Library of Congress classification
|i unmediated -- volume
|m A14800610909
|
| 998 |
f |
f |
|a BV4501 .H2785 1937
|t 0
|l Remote Storage
|